Kirjaimeen N päättyvät valtiot - Statistics

Yleistilastot
  • Tätä visaa on pelattu 3 083 kertaa
    3 021 viimeisimmän päivityksen jälkeen
  • Keskiarvotulos 13 / 20
Vastaustilastot
Valtio % Oikein
Uzbekistan
85%
Afganistan
84%
Turkmenistan
84%
Pakistan
83%
Oman
79%
Tadžikistan
79%
Jemen
78%
Kazakstan
76%
Iran
75%
Azerbaidžan
72%
Bhutan
64%
Benin
62%
Sudan
60%
Bahrain
56%
Libanon
56%
Taiwan
53%
Etelä-Sudan
51%
Gabon
50%
Kamerun
47%
Liechtenstein
42%
Ehtoja vastaavia visoja ei löytynyt
Tulosjakauma
Jokaisen tuloksen saaneiden osuus
Persentiili vastausten määrän mukaan
Tuloshistoriasi
Et ole pelannut tätä visaa sen viimeisimmän päivityksen jälkeen